[Event "ROM-ch U10"]
[Site "Calimanesti"]
[Date "2014.04.10"]
[Round "6"]
[White "Toma, Traian"]
[Black "Parfene, Adrian Bogdan"]
[Result "1-0"]
[WhiteElo "1370"]
[BlackElo "1195"]
[PlyCount "98"]
[EventDate "2014.04.06"]
[EventType "swiss"]
[EventRounds "9"]
[EventCountry "ROU"]
[SourceTitle "CBM 160 Extra"]
[Source "ChessBase"]
[SourceDate "2014.07.01"]
[SourceVersion "1"]
[SourceVersionDate "2014.07.01"]
[SourceQuality "1"]

1. e4 e5 2. Nf3 Nc6 3. Bc4 Bc5 4. c3 d6 5. d4 exd4 6. cxd4 Bb6 7. Nc3 Bg4 8. Be3 Nf6 9. 0-0 0-0 10. Be2 Re8 11. d5 Nb4 12. Bxb6 axb6 13. a3 Na6 14. Nd2 Bd7 15. b4 c6 16. dxc6 bxc6 17. Bc4 b5 18. Bb3 Nc7 19. Re1 Ng4 20. Nf3 Ne5 21. Qxd6 Nxf3+ 22. gxf3 Qg5+ 23. Qg3 Qd8 24. Red1 Qc8 25. Qd6 Rd8 26. Qe7 Be6 27. Rxd8+ Qxd8 28. Qxd8+ Rxd8 29. Rd1 Rxd1+ 30. Bxd1 Bd7 31. Kf1 Ne6 32. Ke2 c5 33. Ke3 cxb4 34. axb4 Kf8 35. Be2 Nc7 36. Kd4 Ke7 37. Nd5+ Kd6 38. Nxc7 Kxc7 39. Kc5 g5 40. Bxb5 Bxb5 41. Kxb5 h5 42. h3 h4 43. Ka6 Kc6 44. b5+ Kc7 45. Ka7 Kd6 46. b6 Ke5 47. b7 Kf4 48. b8Q+ Kxf3 49. Qb2 Kxe4 1-0

[Event "ROM-ch U10"]
[Site "Calimanesti"]
[Date "2014.04.09"]
[Round "5"]
[White "Parfene, Adrian Bogdan"]
[Black "Serban, Cristian Stefan"]
[Result "0-1"]
[WhiteElo "1195"]
[BlackElo "1464"]
[PlyCount "94"]
[EventDate "2014.04.06"]
[EventType "swiss"]
[EventRounds "9"]
[EventCountry "ROU"]
[SourceTitle "CBM 160 Extra"]
[Source "ChessBase"]
[SourceDate "2014.07.01"]
[SourceVersion "1"]
[SourceVersionDate "2014.07.01"]
[SourceQuality "1"]

1. d4 d5 2. c4 e6 3. Nf3 Nf6 4. Bf4 Bb4+ 5. Nc3 dxc4 6. e3 b5 7. Be2 Nd5 8. Rc1 Nxf4 9. exf4 Bb7 10. 0-0 a6 11. a3 Ba5 12. Re1 0-0 13. b3 cxb3 14. Qxb3 Nc6 15. Red1 Ne7 16. Ng5 h6 17. Nge4 Nd5 18. Nc5 Nxc3 19. Rxc3 Bxc3 20. Nxb7 Qc8 21. Qxc3 Qxb7 22. Bf3 Qb6 23. Bxa8 Rxa8 24. g3 Rd8 25. Qa1 Qd6 26. Qc1 c5 27. Rd2 cxd4 28. Rd3 f6 29. Qc2 e5 30. Qb3+ Qd5 31. Qc2 Qc4 32. Qd2 e4 33. Qa5 Ra8 34. Rd1 d3 35. Qe1 Qd4 36. Rd2 Rc8 37. Qb1 Qc4 38. Qe1 Qc1 39. Rd1 Qxa3 40. Qxe4 Qf8 41. Rxd3 Re8 42. Qd5+ Qf7 43. Qc6 Qe6 44. Qf3 Qe1+ 45. Kg2 Qe4 46. Qxe4 Rxe4 47. Ra3 Re6 0-1